000 00607nam a22001337a 4500
040 _cRUA
082 _aMGR THO 2024 B1-378 Or.
100 _aTHO THANAK,ថូ ថានៈ
245 _aINTERACTION BETWEEN EARLY MATURITY RICE GENOTYPES (Oryza savtiva L.) & WEED MANAGEMENT,អន្តរអំពើរវាងឯកត្តៈស្រូវស្រាល និងការគ្រប់គ្រងស្មៅ
260 _aphnom penh
_brua
_c2024
300 _aviii.32p.
_bill.
_c29cm.
856 _uhttps://drive.google.com/file/d/1z_yVXgGzeRhZvnAuuoOZJYKpYgsuSSUU/view?usp=sharing
942 _cNRM
999 _c24582
_d24582